Effective Marketing Communication and Consumer Behaviour

Na minha lista:
Detalhes bibliográficos
Autor principal: Petrovčiková, Katarína, 1977-
Formato: Capítulo de Livro
Idioma:inglês
Assuntos:
Tags: Adicionar Tag
Sem tags, seja o primeiro a adicionar uma tag!

MARC

LEADER 00000naa$a2200000$$$4500
001 0272691
005 20240502074311.4
041 0 |a eng 
044 |a SK 
245 1 0 |a Effective Marketing Communication and Consumer Behaviour  |c Katarína Petrovčiková 
500 |a abstrakt 
610 2 0 |a komunikácia marketingová 
610 2 0 |a marketing 
610 2 0 |a správanie spotrebiteľa 
100 1 |a Petrovčiková, Katarína, 1977-